|
|
|
|
| LEADER |
00000nam#a22000001a#4500 |
| 001 |
00025750 |
| 003 |
AR-BaUAD |
| 005 |
20230908141454.0 |
| 008 |
950502s1934####ag#a|||##||||||||#||spa|d |
| 040 |
|
|
|a AR-BaUAD
|b spa
|c AR-BaUAD
|
| 041 |
|
|
|a spa
|
| 044 |
|
|
|c ar
|2 ISO3166-1
|
| 100 |
1 |
|
|a Cossio del Pomar, Felipe
|
| 245 |
1 |
0 |
|a Nuevo arte :
|b curso sobre las teorías de la pintura contemporánea, dictado en el colegio libre de estudios superiores
|
| 260 |
|
|
|a Buenos Aires :
|b La Facultad,
|c 1934
|
| 300 |
|
|
|a 205 p. :
|b il.
|
| 505 |
|
|
|a p. 17-19.
|
| 653 |
|
|
|a ARTE
|
| 653 |
|
|
|a PINTURA
|
| 653 |
|
|
|a TEORIA
|
| 655 |
|
|
|a TEXTO
|
| 852 |
|
|
|c 68-4
|
| 952 |
|
|
|0 0
|1 0
|4 0
|6 684
|7 0
|9 27278
|a AR-BaUAD
|b AR-BaUAD
|d 0000-00-00
|e donac. Oscar Haedo
|g 8.00
|i 25750
|l 0
|o 68-4
|p hdxp425750
|r 2023-09-08 14:14:54
|w 2023-09-08
|y BK
|
| 990 |
|
|
|a Ej. No1 : 25750 . 23/11/1994 -- donac. Oscar Haedo -- (8 pesos).
|b ADM
|
| 990 |
|
|
|a A193
|b TD
|
| 990 |
|
|
|a AAQ00025750
|b CC
|
| 998 |
|
|
|a AAQ
|b Bibun 76
|
| 942 |
|
|
|c BK
|
| 999 |
|
|
|c 12063
|d 12063
|